Spieler von Manchester United erraten - Statistiken

Allgemein
  • Dieses Quiz wurde 265 mal gespielt
  • Das Durchschnittsergebnis liegt bei 8 aus 12
Antwortstatistiken
Beschreibung Spieler % Korrekt
kopfballstarker IV mit hohem Offensivdrang, Sündenbock der Medien, wurde ins Team des Turniers der EM 2021 gewählt Harry Maguire
89%
Nachname beschreibt auch den Verlust der Sehfähigkeit, wechselte 2014 von Ajax Amsterdam nach Manchester Daley Blind
85%
als Aktiver einer der besten IVs weltweit, Traumduo mit einer anderen englischen IV-Legende, stammt aus Serbien, spielte auch für Inter Mailand Nemanja Vidic
82%
sicherer Elfmeter- und Freistoßschütze, kam 2020/21 als ZOM auf 18 Ligatore, spielte davor für Sporting Lissabon Bruno Fernandes
79%
aggressiver ZDM, Leitwolf und Kapitän, Ire, spielte mehr als 12 Jahre lang für Man. Utd., brutales "Revanchefoul" an Alf-Inge Haaland Roy Keane
77%
Vergewaltigungs- und Missbrauchsvorwürfe 2022, derzeit suspendiert, Vertrag läuft aber noch bis Juni 2025 Mason Greenwood
72%
erfolglose Zeit bei United 2014/15, Flügelspieler und starker Linksfuß, stetige Topleistungen bei seinen weiteren Stationen Real Madrid und PSG Angel Di Maria
70%
bekannt unter seinem Spitznamen "die kleine Erbse" auf Spanisch, Stürmer, erzielte 2010/11 insgesamt 20 Tore, es folgten Stationen wie Bayer 04 und West Ham United Javier Hernandez
61%
dreifacher CL-Sieger mit dem FC Barcelona, für einen Keeper geringe Körpergröße, meist kahlköpfig Victor Valdes
60%
avancierte einst zum BVB-Shootingstar, zweifacher deutscher Meister, nach einer durchwachsenen Zeit in Manchester kehrte er 2014 ins Westfalenstadion zurück Shinji Kagawa
58%
nur 2 Ligaspiele 2013/14, Ivorer, dribbelstarker Filigrantechniker und Stand Dezember 2022 seit vielen Jahren bei Crystal Palace unter Vertrag Wilfried Zaha
57%
siebenfacher Fußballer des Jahres seines Heimatlandes in Osteuropa, bekannt für den .....Spin, stand auch bei Bayer Leverkusen unter Vertrag Dimitar Berbatow
28%
Keine übereinstimmenden Quizze gefunden
Verteilung der Resultate
Anzahl Personen mit jedem Resultat
Perzentil nach korrekt beantworteten Fragen
Ihre Resultats-Entwicklung
Sie haben dieses Quiz noch nicht gespielt